000
00204 a2200097 4500
001
48703
100
_a
Taylor, F.J
245
_a
High horizons
260
_a
London
_b
McGraw Hill
_c
090
_c
31616
_d
31616
942
_a
NUST-CAE
_c
M
_c
24021
999
_c
283776
_d
283776